000 00495nam a2200181Ia 4500
008 090124s9999 xx 000 0 und d
082 _b122442
100 _aकाकोडकर चंद्रकांत.
245 _a भास
250 _a1
260 _c1987
300 _a183
600 _aकाकोडकर चंद्रकांत.
630 _a भास
700 _aकाकोडकर चंद्रकांत.
730 _a भास
942 _cBOOK
999 _c168528
_d168528